| 000 -ლიდერი |
| ფიქსირებული სიგრძის საკონტროლო ველი |
01191nam a2200253Ia 4500 |
| 001 - საკონტროლო ნომერი |
| საკონტროლო ველი |
16258 |
| 003 - საკონტროლო ნომრის იდენტიფიკატორი |
| საკონტროლო ველი |
GE_BSU |
| 005 - ბოლო ოპერაციის თარიღი და დრო |
| საკონტროლო ველი |
20200212120637.0 |
| 008 - ფიქსირებული სიგრძის მონაცემთა ელემენტები - ზოგადი ინფორმაცია |
| ფიქსირებული სიგრძის საკონტროლო ველი |
181216s2011ge xx |||||||||||||| ||geo|| |
| 020 ## - წიგნის საერთაშორისო სტანდარტული ნომერი |
| International Standard Book Number |
9789994017959 |
| 040 ## - კატალოგიზაციის წყარო |
| Transcribing agency |
GE_BSU |
| 041 ## - ენის კოდი |
| Language code of text/sound track or separate title |
geo |
| 080 ## - უნივერსალური ათობითი კლასიფიკაციის ინდექსი |
| Universal Decimal Classification number |
16(075.8) ხ-39 |
| 100 ## - მთავარი ჩანაწერი - პიროვნების სახელი |
| Personal name |
ხელაძე, შადიმან. |
| 9 (RLIN) |
6553 |
| 245 ## - ცნობა სათაურის შესახებ |
| Title |
ლოგიკა ყველასათვის : |
| Remainder of title |
სახელმძღვ.ანალიტიკური აზროვნების განსავითარებლად / |
| Statement of responsibility, etc |
შადიმან ხელაძე ; რედ : მერაბ გვარაძე ; თეიმურაზ ლაცაბიძე. |
| 264 ## - წარმოების, გამოცემის, დისტრიბუციის და სხვა ცნობები |
| გამოცემის, წარმოების, დისტრიბუციის... ადგილი |
თბილისი : |
| გამოცემის, წარმოების, დისტრიბუციის... სახელწოდება |
ჯისიაი, |
| გამოცემის, წარმოების, დისტრიბუციის... თარიღი |
2011. |
| 300 ## - ფიზიკური აღწერა |
| Extent |
220 გვ; |
| Dimensions |
24 სმ. |
| 504 ## - BIBLIOGRAPHY, ETC. NOTE |
| Bibliography, etc |
ბიბლოგრ.გვ 220 |
| 653 ## - INDEX TERM--UNCONTROLLED |
| Uncontrolled term |
ლოგიკა ყველასათვის |
| 653 ## - INDEX TERM--UNCONTROLLED |
| Uncontrolled term |
ლოგიკა |
| 700 ## - ADDED ENTRY--PERSONAL NAME |
| Personal name |
გვარაძე, მერაბ |
| Relator term |
რედაქტორი |
| 9 (RLIN) |
6986 |
| 700 ## - ADDED ENTRY--PERSONAL NAME |
| Personal name |
ლაცაბიძე, თეიმურაზ |
| Relator term |
რედაქტორი |
| 9 (RLIN) |
6987 |
| 942 ## - ADDED ENTRY ELEMENTS (KOHA) |
| Koha item type |
წიგნი |
| Source of classification or shelving scheme |
|